Rationalisierung Monatschrift des Rationalisierungs-Kuratoriums der Deutschen Wirtschaft (RKW)

Gespeichert in:
Bibliographische Detailangaben
Format: Schriftenreihe
Sprache:Deutsch
Veröffentlicht: München Hanser
Tags: Tag hinzufügen
Keine Tags, Fügen Sie das erste Tag hinzu!

MARC

LEADER 00000nas1a2200000 4500
001 s123203
005 20041019155352.4
041 0 |a ger 
044 |a DE 
245 1 0 |a Rationalisierung  |b Monatschrift des Rationalisierungs-Kuratoriums der Deutschen Wirtschaft (RKW) 
264 1 |a München  |b Hanser